Veinte años después: con un poema de Juana de Ibarbourou y una viñeta de Miguel Brascó

Uloženo v:
Podrobná bibliografie
Hlavní autor: Fernández Moreno, César (Autor)
Médium: Kniha
Jazyk:španělština
Vydáno: Buenos Aires Losada 1953
Edice:Poetas de España y América
Témata:
Tagy: Přidat tag
Žádné tagy, Buďte první, kdo vytvoří štítek k tomuto záznamu!

MARC

LEADER 00000nam a2200000 a 4500
001 UCZ5819
003 CL-VaPUC
008 951124e19530000AG |||||||||||||||||spa|d
082 0 4 |a Ar861  |b FER  |2 21 
100 |a Fernández Moreno, César  |e author  |9 420340 
245 1 0 |a Veinte años después: con un poema de Juana de Ibarbourou y una viñeta de Miguel Brascó 
300 |a 131 p 
942 |c BK 
945 |d 19951124 00:00:00  |a lriquelm 
260 |a Buenos Aires  |b Losada  |c 1953 
650 0 |a Poesía argentina  |9 265575 
650 0 |a Literatura argentina  |9 320596 
583 |a last modification  |c 19951124 00:00:00  |k Rodrigo Vera 
490 0 |a Poetas de España y América 
999 |c 242107  |d 242105 
952 |0 0  |1 0  |4 0  |6 AR_861_000000000000000_FER_1953  |7 0  |8 P  |9 254837  |a BIBEDU  |b BIBEDU  |c BIBEDU_PB  |d 2019-11-19  |i 1577549  |o Ar861 FER 1953  |p 1577549  |r 2024-01-25  |w 2019-11-19  |y BK  |k FIL